Linguística românica (Record no. 44697)

MARC details
000 -Etiqueta do registo
Valores 00643cam a22002051 4500
100 ## - Dados gerais de processamento
Dados gerais 19950203d1974 k y0pory5003 ba
101 1# - Língua de publicação
Língua por
102 ## - País de publicação
País PT
200 1# - Titulo e menção de responsabilidade
Título próprio Linguística românica
Primeira menção de responsabilidade Heinrich Lausberg
Outras menções de responsabilidade trad. Marion Ehrhardt, Maria Luísa Schemann
210 #9 - Publicação
Local de publicação Lisboa
Nome do editor Fundação Calouste Gulbenkian,
Data de publicação 1974
215 ## - Descrição física 
Paginação / Volumes 458, [1] p.
Dimensões 23 cm
304 ## - Nota relativa ao título
Texto de nota Tít. orig.: Romanische sprachwissenchaft
675 ## - CDU
Notação 804
Edição med
Língua por
700 #1 - Autor principal
Apelido Lausberg,
Nome Heinrich,
Datas 1912-1992
702 #1 - Autor secundário
Apelido Ehrhardt,
Nome Marion,
Datas 1932-2011
Função 730
702 #1 - Autor secundário
Apelido Schemann,
Nome Luiza,
Datas 1934-
Função 730
801 #0 - Fonte de origem
País PT
Agência BN
Regras de catalogação RPC
990 ## - Elementos KOHA
Tipo de documento Livro
Holdings
Aquisição Empréstimo Código de barras Cota Permissão de empréstimo Tipo de documento Nota relativa ao exemplar
Biblioteca Municipal de Redondo Biblioteca Municipal de Redondo 054566 80 LAU   Livro depósito

Powered by Koha